|
|
|
|
| LEADER |
00000cam a22000004a 4500 |
| 001 |
musev2_3335 |
| 003 |
MdBmJHUP |
| 005 |
20230905040423.0 |
| 006 |
m o d |
| 007 |
cr||||||||nn|n |
| 008 |
061010s2007 mdu o 00 0 eng d |
| 010 |
|
|
|z 2006033571
|
| 020 |
|
|
|a 9780801893346
|
| 020 |
|
|
|z 9780801885945
|
| 035 |
|
|
|a (OCoLC)647867810
|
| 040 |
|
|
|a MdBmJHUP
|c MdBmJHUP
|
| 050 |
0 |
4 |
|a PA3973.I6
|b P43 2007
|
| 082 |
0 |
|
|a 882/.01
|2 22
|
| 100 |
1 |
|
|a Pedrick, Victoria.
|
| 245 |
1 |
0 |
|a Euripides, Freud, and the Romance of Belonging /
|c Victoria Pedrick.
|
| 264 |
|
1 |
|a Baltimore :
|b Johns Hopkins University Press,
|c 2007.
|
| 264 |
|
3 |
|a Baltimore, Md. :
|b Project MUSE,
|c 2012
|
| 264 |
|
4 |
|c ©2007.
|
| 300 |
|
|
|a 1 online resource (272 pages).
|
| 336 |
|
|
|a text
|b txt
|2 rdacontent
|
| 337 |
|
|
|a computer
|b c
|2 rdamedia
|
| 338 |
|
|
|a online resource
|b cr
|2 rdacarrier
|
| 504 |
|
|
|a Includes bibliographical references (p. [241]-251) and index.
|
| 505 |
0 |
|
|a The romance of belonging : texts and contexts -- Competing accounts -- Profit and loss in belonging -- Recognition : embracing a deadly flame.
|
| 588 |
|
|
|a Description based on print version record.
|
| 600 |
1 |
0 |
|a Pankejeff, Sergius,
|d 1887-1979.
|
| 600 |
1 |
0 |
|a Freud, Sigmund,
|d 1856-1939.
|
| 600 |
0 |
0 |
|a Euripides.
|t Ion.
|
| 650 |
|
0 |
|a Self in literature.
|
| 650 |
|
0 |
|a Identity (Psychology) in literature.
|
| 650 |
|
0 |
|a Ion (Greek mythology) in literature.
|
| 650 |
|
0 |
|a Psychoanalysis and literature.
|
| 655 |
|
7 |
|a Electronic books.
|2 local
|
| 710 |
2 |
|
|a Project Muse.
|e distributor
|
| 830 |
|
0 |
|a Book collections on Project MUSE.
|
| 856 |
4 |
0 |
|z Texto completo
|u https://projectmuse.uam.elogim.com/book/3335/
|
| 945 |
|
|
|a Project MUSE - Custom Collection
|
| 945 |
|
|
|a Project MUSE - Archive Complete Foundation
|
| 945 |
|
|
|a Project MUSE - Archive Classical Studies Foundation
|